| Tag |
First Indicator |
Second Indicator |
Subfields |
| LEADER |
00000cam a2200000 4500 |
| 001 |
in00000055722 |
| 005 |
20151008052307.0 |
| 008 |
711115r19561942nyu 00000 eng u |
| 010 |
|
|
|a 56008399
|
| 035 |
|
|
|a (OCoLC)00171447
|
| 035 |
|
|
|9 AAH2664AM
|
| 040 |
|
|
|c OUN
|d TXA
|d UtOrBLW
|
| 049 |
|
|
|a TXAM
|c [273557]
|
| 050 |
|
0 |
|a RC423
|b .B45 1956
|
| 092 |
|
|
|a 371.927
|b B534d, 1956
|
| 100 |
1 |
|
|a Berry, Mildred Freburg.
|
| 245 |
1 |
0 |
|a Speech disorders ;
|b principles and practices of therapy /
|c [by] Mildred Freburg Berry [and] Jon Eisenson.
|
| 264 |
|
1 |
|a New York :
|b Appleton-Century-Crofts,
|c [1956]
|
| 300 |
|
|
|a 573 pages :
|b illustrations ;
|c 25 cm.
|
| 336 |
|
|
|a text
|b txt
|2 rdacontent
|
| 337 |
|
|
|a unmediated
|b n
|2 rdamedia
|
| 338 |
|
|
|a volume
|b nc
|2 rdacarrier
|
| 500 |
|
|
|a Published in 1942 under title: The defective in speech.
|
| 650 |
|
0 |
|a Speech disorders.
|
| 650 |
|
0 |
|a Speech therapy.
|
| 700 |
1 |
|
|a Eisenson, Jon,
|d 1907-
|
| 999 |
|
|
|a MARS
|
| 999 |
f |
f |
|s 329d6fe1-c7eb-3efc-b553-7f1e68715417
|i 16c81561-5189-3801-9b17-e0a7579d3280
|t 0
|
| 952 |
f |
f |
|p ric
|a Texas A&M University
|b Rellis Campus
|c Joint Library Facility
|d Remote Storage
|t 0
|e RC423 .B45 1956
|h Library of Congress classification
|i unmediated -- volume
|m A14800847263
|
| 998 |
f |
f |
|a RC423 .B45 1956
|t 0
|l Remote Storage
|